[Event "Superettan(Skara-Orgryte)"]
[Site "?"]
[Date "2025.01.17"]
[Round "4"]
[White "Amar, Elham"]
[Black "Ronneland, Daniel"]
[Result "1-0"]
[WhiteElo "2539"]
[BlackElo "2220"]
[PlyCount "97"]
[SourceVersionDate "2025.02.02"]

1. e4 e5 2. Nf3 Nc6 3. Bb5 a6 4. Ba4 Nf6 5. O-O Be7 6. Re1 b5 7. Bb3 d6 8. a4 Bg4 9. c3 O-O 10. h3 Bh5 11. g4 Bg6 12. d3 Na5 13. Bc2 c5 14. Nbd2 c4 15. d4 Qc7 16. Nf1 h5 17. g5 Nh7 18. axb5 axb5 19. dxe5 dxe5 20. Qd5 Qc6 21. Ne3 Nxg5 22. Nxg5 Bxg5 23. Rxa5 Qxd5 24. Nxd5 Rxa5 25. Bxg5 f6 26. Be3 Rfa8 27. Nb4 Ra1 28. Bc1 Bf7 29. h4 Be6 30. f3 Kf7 31. Kf2 Rg8 32. Rd1 Rc8 33. Rg1 Rd8 34. Ke2 Rd7 35. Ke3 Rd8 36. Re1 Rd6 37. f4 exf4+ 38. Kxf4 Rd7 39. Nc6 Rd6 40. Nd4 Rb6 41. e5 fxe5+ 42. Kxe5 Bg4 43. Be4 Rb8 44. Nc6 Re8+ 45. Kd4 Ra6 46. Bd5+ Be6 47. Bxe6+ Rxe6 48. Nd8+ Kf6 49. Rxe6+ 1-0

[Event "Superettan(Wasa II-Lulea)"]
[Site "?"]
[Date "2025.01.17"]
[Round "4"]
[White "Karlsson, Mats"]
[Black "Hermansson, Emil"]
[Result "0-1"]
[WhiteElo "2287"]
[BlackElo "2402"]
[PlyCount "58"]
[SourceVersionDate "2025.02.02"]

1. d4 Nf6 2. c4 g6 3. Nc3 d5 4. Nf3 Bg7 5. Bf4 O-O 6. e3 c5 7. dxc5 Ne4 8. Rc1 Nd7 9. Be2 Nxc3 10. bxc3 dxc4 11. Bxc4 Nxc5 12. Qxd8 Rxd8 13. Be5 Be6 14. Be2 Bxa2 15. Bxg7 Kxg7 16. c4 a5 17. O-O a4 18. Nd4 e5 19. Nb5 Rd2 20. Rfe1 Bb3 21. Na3 e4 22. Ra1 Nd3 23. Bxd3 exd3 24. Reb1 Rc8 25. Nb5 Rxc4 26. Nd4 Rc3 27. Kf1 Ra2 28. Rxa2 Bxa2 29. Ra1 d2 0-1

[Event "Superettan(Skara-Orgryte)"]
[Site "?"]
[Date "2025.01.17"]
[Round "4"]
[White "Torngren, Gustav"]
[Black "Djurhuus, Rune"]
[Result "1/2-1/2"]
[WhiteElo "2232"]
[BlackElo "2375"]
[PlyCount "64"]
[SourceVersionDate "2025.02.02"]

1. d4 Nf6 2. c4 c5 3. d5 b5 4. cxb5 a6 5. bxa6 e6 6. Nc3 exd5 7. Nxd5 Be7 8. e3 Nxd5 9. Qxd5 Nc6 10. Bc4 O-O 11. Ne2 Bxa6 12. Bxa6 Nb4 13. Qf5 Rxa6 14. O-O d5 15. Bd2 Rf6 16. Qh5 Rh6 17. Qf3 Bd6 18. g3 Nc6 19. Rfd1 Rf6 20. Qxd5 Ne5 21. Bc3 Qe7 22. a4 Re8 23. a5 Nf3+ 24. Kg2 Nh4+ 25. gxh4 Rxf2+ 26. Kxf2 Qxe3+ 27. Kf1 Qxe2+ 28. Kg1 Qxh2+ 29. Kf1 Qf4+ 30. Kg1 Qe3+ 31. Kf1 Qe2+ 32. Kg1 Qh2+ 1/2-1/2

[Event "Superettan(Wasa II-Lulea)"]
[Site "?"]
[Date "2025.01.17"]
[Round "4"]
[White "Ernst, Thomas"]
[Black "Rogule, Laura"]
[Result "1-0"]
[WhiteElo "2270"]
[BlackElo "2219"]
[PlyCount "81"]
[SourceVersionDate "2025.02.02"]

1. e4 c5 2. Nf3 Nc6 3. d4 cxd4 4. Nxd4 Nf6 5. Nc3 d6 6. Bg5 e6 7. Qd2 a6 8. O-O-O Bd7 9. Nxc6 Bxc6 10. f3 Be7 11. Kb1 Qa5 12. h4 Rd8 13. Bd3 h6 14. Be3 Nd7 15. g4 Bf6 16. Nd5 Qxd2 17. Nxf6+ Nxf6 18. Bxd2 h5 19. g5 Nd7 20. Ba5 Rc8 21. Bc3 Rg8 22. Be2 d5 23. exd5 Bxd5 24. Rhe1 Bc4 25. f4 g6 26. Bf3 b6 27. Rd6 Ke7 28. Bb4 Nc5 29. Rxb6 Rgd8 30. Re5 Bd5 31. Bxd5 Rxd5 32. Rxd5 exd5 33. Rxa6 Ke8 34. Ra7 Nd7 35. b3 f6 36. gxf6 Nxf6 37. Re7+ Kd8 38. Re6 Ng4 39. Rxg6 Kc7 40. Rg5 Ne3 41. Bd2 1-0

[Event "Superettan(Skara-Orgryte)"]
[Site "?"]
[Date "2025.01.17"]
[Round "4"]
[White "Eklund, Lars-Goran"]
[Black "Nilsson, Eskil"]
[Result "1/2-1/2"]
[WhiteElo "2198"]
[BlackElo "2121"]
[PlyCount "57"]
[SourceVersionDate "2025.02.02"]

1. Nf3 Nf6 2. c4 g6 3. Nc3 Bg7 4. e4 d6 5. d4 O-O 6. Be2 Na6 7. Bg5 h6 8. Be3 Ng4 9. Bc1 e5 10. dxe5 Nxe5 11. Nxe5 dxe5 12. Qxd8 Rxd8 13. Be3 c6 14. Rd1 Rxd1+ 15. Bxd1 Nc7 16. O-O h5 17. h3 Ne6 18. Ne2 Bf8 19. g3 Bc5 20. Bc1 Nd4 21. Kg2 Be6 22. Nxd4 Bxd4 23. Be2 Rb8 24. b3 b5 25. cxb5 cxb5 26. Bd2 Rc8 27. Rc1 Rxc1 28. Bxc1 a6 29. Bd2 1/2-1/2

[Event "Superettan(Wasa II-Lulea)"]
[Site "?"]
[Date "2025.01.17"]
[Round "4"]
[White "Astrom, Goran"]
[Black "Mikheev, Stanislav"]
[Result "1/2-1/2"]
[WhiteElo "2216"]
[BlackElo "2206"]
[PlyCount "55"]
[SourceVersionDate "2025.02.02"]

1. e4 c5 2. Nf3 Nc6 3. d4 cxd4 4. Nxd4 Nf6 5. Nc3 e5 6. Ndb5 d6 7. Bg5 a6 8. Na3 b5 9. Bxf6 gxf6 10. Nd5 f5 11. Bd3 Be6 12. O-O Bxd5 13. exd5 Ne7 14. c3 Bg7 15. Nc2 O-O 16. a4 Qb6 17. axb5 e4 18. Be2 axb5 19. Qd2 Ng6 20. Qe3 Qb7 21. Nb4 Ne7 22. Rxa8 Rxa8 23. Rd1 Re8 24. g3 Ng6 25. Ra1 Ra8 26. Rd1 Re8 27. Ra1 Ra8 28. Rd1 1/2-1/2

[Event "Superettan(Skara-Orgryte)"]
[Site "?"]
[Date "2025.01.17"]
[Round "4"]
[White "Troberg Eskola, Love"]
[Black "Danielsson, Fredrik"]
[Result "1/2-1/2"]
[WhiteElo "2086"]
[BlackElo "2103"]
[PlyCount "100"]
[SourceVersionDate "2025.02.02"]

1. c4 Nf6 2. Nc3 g6 3. Nf3 Bg7 4. e4 e5 5. Nxe5 O-O 6. d4 Re8 7. f3 c5 8. Nd3 d5 9. cxd5 cxd4 10. Ne2 Nh5 11. g4 Qh4+ 12. Nf2 Nf6 13. Bf4 Nfd7 14. Bg3 Qf6 15. Bg2 Ne5 16. Nc1 h5 17. h3 h4 18. Bh2 g5 19. O-O Nbd7 20. Nfd3 Nc4 21. Rf2 Ne3 22. Qb3 b6 23. Qa4 Qe7 24. b4 Bb7 25. Nb3 a6 26. Rc1 Rac8 27. Rxc8 Rxc8 28. Bf1 Nd1 29. Rd2 Nc3 30. Qa3 Nb1 31. Qb2 Nxd2 32. Qxd2 Ne5 33. Nxe5 Bxe5 34. Bxe5 Qxe5 35. Nxd4 f6 36. a3 Qg3+ 37. Kh1 Qc7 38. Qa2 Qc3 39. d6+ Kg7 40. Nf5+ Kf8 41. Qe6 Qxf3+ 42. Kg1 Qxe4 43. Qxf6+ Ke8 44. d7+ Kxd7 45. Qd6+ Ke8 46. Qg6+ Kd7 47. Qg7+ Kd8 48. Qf8+ Kd7 49. Qf7+ Kd8 50. Qf6+ Kd7 1/2-1/2

[Event "Superettan(Wasa II-Lulea)"]
[Site "?"]
[Date "2025.01.17"]
[Round "4"]
[White "Hovhannisyan, Hrayr"]
[Black "Marchand, Eric"]
[Result "1/2-1/2"]
[WhiteElo "2238"]
[BlackElo "2136"]
[PlyCount "68"]
[SourceVersionDate "2025.02.02"]

1. d4 d5 2. Nf3 Nf6 3. c4 e6 4. g3 Be7 5. Bg2 O-O 6. Nc3 c5 7. cxd5 exd5 8. dxc5 Bxc5 9. O-O Nc6 10. a3 Re8 11. b4 Bf8 12. Bg5 Be6 13. Nd4 h6 14. Be3 Ne5 15. Nxe6 fxe6 16. Bd4 Nc6 17. Be3 Ng4 18. Bf4 Rc8 19. e4 d4 20. Qxg4 dxc3 21. e5 Qd3 22. Rfe1 Qf5 23. Qxf5 exf5 24. h4 a5 25. b5 Nd4 26. Bxb7 Rcd8 27. Ra2 Bc5 28. Kg2 Kf8 29. Rc1 c2 30. a4 Re7 31. Bc6 Bb6 32. h5 Re6 33. Raxc2 Nxc2 34. Rxc2 Ke7 1/2-1/2

[Event "Superettan(Skara-Orgryte)"]
[Site "?"]
[Date "2025.01.17"]
[Round "4"]
[White "Jacobson, Erik"]
[Black "Eksmyr, Johan"]
[Result "1-0"]
[WhiteElo "2129"]
[BlackElo "2097"]
[PlyCount "65"]
[EventDate "2025.??.??"]
[SourceVersionDate "2025.02.02"]

1. e4 c6 2. d4 d5 3. e5 Bf5 4. Nc3 e6 5. g4 Bg6 6. Nge2 f6 7. h4 Bb4 8. Bg2 Nd7 9. f4 h5 10. f5 exf5 11. Nf4 Bf7 12. e6 hxg4 13. exf7+ Kxf7 14. O-O Qc7 15. Ncxd5 cxd5 16. Bxd5+ Ke8 17. c3 Be7 18. h5 Nb6 19. Bg2 Bd6 20. a4 Ne7 21. a5 Nc4 22. a6 Rb8 23. axb7 Nxb2 24. Qe2 Nc4 25. Rxa7 Ne5 26. dxe5 fxe5 27. Qb5+ Qd7 28. Qxd7+ Kxd7 29. Rd1 Nc6 30. Ra6 Nd4 31. Ng6 Rxh5 32. cxd4 e4 33. Rxd6+ 1-0

[Event "Superettan(Wasa II-Lulea)"]
[Site "?"]
[Date "2025.01.17"]
[Round "4"]
[White "Oberg, Mikael"]
[Black "Marklund, Niklas"]
[Result "0-1"]
[WhiteElo "2107"]
[BlackElo "2137"]
[PlyCount "76"]
[SourceVersionDate "2025.02.02"]

1. d4 Nf6 2. Bf4 c5 3. dxc5 Na6 4. Qd4 Qa5+ 5. Nc3 Nxc5 6. Bd2 Qc7 7. Nf3 d6 8. e4 e5 9. Bb5+ Bd7 10. Bxd7+ Qxd7 11. Qe3 Qc6 12. Ng5 h6 13. b4 Ncd7 14. Nh3 Nb6 15. Qd3 Be7 16. O-O O-O 17. Rfc1 Rac8 18. f3 Rfd8 19. Qe2 Nc4 20. Be1 d5 21. Nxd5 Nxd5 22. exd5 Rxd5 23. Nf2 Bg5 24. Rd1 Rxd1 25. Rxd1 Ne3 26. Rd3 Nd5 27. g3 Qe6 28. c3 f5 29. a4 Nb6 30. a5 Nc4 31. f4 Bf6 32. fxe5 Nxe5 33. Kf1 Re8 34. Rd1 Qf7 35. Qb5 a6 36. Qd5 Re6 37. c4 Nxc4 38. Bd2 Re1+ 0-1

[Event "Superettan(Skara-Orgryte)"]
[Site "?"]
[Date "2025.01.17"]
[Round "4"]
[White "Green, Per"]
[Black "Olsson, Simon"]
[Result "1/2-1/2"]
[WhiteElo "1981"]
[BlackElo "2075"]
[PlyCount "137"]
[SourceVersionDate "2025.02.02"]

1. c4 e6 2. g3 d5 3. Bg2 Nf6 4. Nf3 Be7 5. O-O O-O 6. d4 b6 7. cxd5 exd5 8. Nc3 Bb7 9. Ne5 Nbd7 10. Qa4 Nb8 11. Rd1 Ne4 12. Qb3 Nxc3 13. bxc3 c6 14. e4 dxe4 15. Bxe4 Bd6 16. Qc2 h6 17. Nc4 Bc7 18. Ne3 Nd7 19. Nf5 Nf6 20. Bg2 Re8 21. Ba3 Qd7 22. Re1 Kh8 23. Rad1 Rxe1+ 24. Rxe1 Re8 25. Rxe8+ Qxe8 26. Ne3 Nd5 27. Bc1 a5 28. c4 Nxe3 29. Bxe3 Bc8 30. d5 Bd7 31. Qb2 cxd5 32. Bxd5 b5 33. cxb5 Bxb5 34. Qb3 f6 35. Qc3 Qd7 36. Bf3 a4 37. Qc5 Bd6 38. Qd5 Be7 39. Qxd7 Bxd7 40. Bd5 Kh7 41. h4 Kg6 42. Kg2 Kf5 43. Kf3 Ke5 44. Bc4 g5 45. hxg5 hxg5 46. Ke2 Bb4 47. f4+ gxf4 48. gxf4+ Ke4 49. Bd3+ Kd5 50. Kd1 Bc5 51. Kd2 Bd4 52. Bxd4 Kxd4 53. a3 Bc6 54. Bc2 Bb5 55. Bf5 Be8 56. Bd3 Bd7 57. f5 Bc6 58. Be2 Be8 59. Bd3 Bd7 60. Kc2 Ke5 61. Kc3 Bxf5 62. Bb5 Kd5 63. Bxa4 Kc5 64. Bd1 Bd7 65. Bf3 Bb5 66. Be4 Bd7 67. Bf3 Bb5 68. Be4 Bd7 69. Bf3 1/2-1/2

[Event "Superettan(Wasa II-Lulea)"]
[Site "?"]
[Date "2025.01.17"]
[Round "4"]
[White "Marcussen, Arno"]
[Black "Rosenthal, Emanuel"]
[Result "1-0"]
[WhiteElo "2149"]
[BlackElo "2021"]
[PlyCount "119"]
[SourceVersionDate "2025.02.02"]

1. d4 Nf6 2. Nf3 d5 3. e3 g6 4. c4 Bg7 5. cxd5 O-O 6. Qb3 Nxd5 7. e4 Nf6 8. Nc3 c5 9. dxc5 Qa5 10. Qb5 Qxb5 11. Bxb5 Bd7 12. O-O Nxe4 13. Bxd7 Nxc3 14. Bh3 Na4 15. Bg5 e6 16. Rac1 Nxb2 17. Rc2 Rc8 18. Be3 Na4 19. Nd4 Rxc5 20. Rxc5 Nxc5 21. Nb5 Nbd7 22. g3 a6 23. Nd6 Bf8 24. Rd1 b5 25. Bg2 Rb8 26. Bc6 Ne5 27. Bg2 Ned3 28. Ne4 Nb2 29. Rb1 Nxe4 30. Rxb2 Nd6 31. Bf4 Rc8 32. Rd2 Rc1+ 33. Bf1 Nc4 34. Rd8 Rxf1+ 35. Kxf1 Kg7 36. Bh6+ Kxh6 37. Rxf8 Kg7 38. Rb8 Nd2+ 39. Ke1 Ne4 40. Ra8 Nc5 41. Kd2 b4 42. Kc2 g5 43. Rb8 g4 44. Rxb4 f5 45. Kd2 Kf6 46. Rc4 Ne4+ 47. Ke3 a5 48. Rc6 h5 49. Ra6 Ng5 50. Rxa5 Nf3 51. Rb5 Nxh2 52. a4 h4 53. gxh4 e5 54. Rb6+ Kf7 55. a5 f4+ 56. Ke4 g3 57. fxg3 fxg3 58. Rb2 Ng4 59. Kf3 e4+ 60. Kxg4 1-0

[Event "Superettan(Skara-Orgryte)"]
[Site "?"]
[Date "2025.01.17"]
[Round "4"]
[White "Cederqvist, Niclas"]
[Black "Anderzen, Robert"]
[Result "1/2-1/2"]
[WhiteElo "1961"]
[BlackElo "2073"]
[PlyCount "62"]
[SourceVersionDate "2025.02.02"]

1. d4 Nf6 2. Nf3 g6 3. g3 Bg7 4. Bg2 O-O 5. O-O d6 6. b3 Nbd7 7. Bb2 c6 8. c4 Qc7 9. Nc3 a5 10. Ne1 Re8 11. e4 e5 12. d5 Nc5 13. Nd3 Nfd7 14. a3 Nxd3 15. Qxd3 Nc5 16. Qc2 Qb6 17. dxc6 bxc6 18. b4 axb4 19. axb4 Rxa1 20. Rxa1 Qxb4 21. Na4 Nb3 22. Ra2 Nd4 23. Qd3 Be6 24. Bf1 Rb8 25. Bxd4 exd4 26. Rb2 Qxb2 27. Nxb2 Rxb2 28. Qa3 Rb1 29. Kg2 c5 30. Bd3 Rb4 31. Qa2 Bf6 1/2-1/2

[Event "Superettan(Wasa II-Lulea)"]
[Site "?"]
[Date "2025.01.17"]
[Round "4"]
[White "Lilliehook, Victor"]
[Black "Liden, Tommy"]
[Result "0-1"]
[WhiteElo "1944"]
[BlackElo "2107"]
[PlyCount "76"]
[SourceVersionDate "2025.02.02"]

1. e4 c5 2. Nf3 d6 3. d4 cxd4 4. Nxd4 Nf6 5. Nc3 a6 6. h4 e5 7. Nb3 Be6 8. f4 Qc7 9. f5 Bc4 10. g4 Bxf1 11. Rxf1 Qc4 12. Qf3 h5 13. g5 Ng4 14. Qg2 Nd7 15. Nd5 a5 16. Bd2 b6 17. Bc3 Be7 18. Qe2 Qc6 19. a4 Bd8 20. Nd2 Rc8 21. b3 Nc5 22. Nc4 O-O 23. Bb2 Nxa4 24. Rxa4 b5 25. Nxa5 Qxc2 26. Ra2 Qb1+ 27. Qd1 Qxa2 28. Qa1 Qxa1+ 29. Bxa1 Bxa5+ 30. b4 Bd8 31. Kd2 Rc4 32. Kd3 Re8 33. f6 gxf6 34. gxf6 Re6 35. Bc3 Bxf6 36. Rf5 Bxh4 37. Rxh5 Nf2+ 38. Ke2 Nxe4 0-1

[Event "Superettan(Rockaden II, Sthlm-Farsta)"]
[Site "?"]
[Date "2025.01.17"]
[Round "4"]
[White "Sammalvuo, Tapani"]
[Black "Kenneskog, Theodor"]
[Result "1-0"]
[WhiteElo "2379"]
[BlackElo "2266"]
[PlyCount "55"]
[SourceVersionDate "2025.02.02"]

1. d4 Nf6 2. c4 e6 3. Nf3 d5 4. Nc3 c5 5. cxd5 Nxd5 6. e4 Nxc3 7. bxc3 cxd4 8. cxd4 Bb4+ 9. Bd2 Bxd2+ 10. Qxd2 O-O 11. Bc4 Nd7 12. O-O b6 13. a4 Bb7 14. Rfe1 h6 15. h3 Qe7 16. a5 Nf6 17. Bd3 Rfd8 18. axb6 axb6 19. Rab1 e5 20. Rxb6 exd4 21. Qb2 Bc8 22. Rb4 Ra2 23. Qxa2 Qxb4 24. Bc4 Qe7 25. e5 Nh5 26. e6 f5 27. Qa5 Rd6 28. Qc5 1-0

[Event "Superettan(Schack 08-Vasteras)"]
[Site "?"]
[Date "2025.01.17"]
[Round "4"]
[White "Akesson, Ralf"]
[Black "Nyander, Joakim"]
[Result "1/2-1/2"]
[WhiteElo "2336"]
[BlackElo "2175"]
[PlyCount "100"]
[SourceVersionDate "2025.02.07"]

1. d4 d5 2. c4 dxc4 3. e4 Nc6 4. Be3 Nf6 5. f3 e5 6. d5 Na5 7. Qa4+ c6 8. dxc6 Nxc6 9. Bxc4 Be7 10. Ne2 O-O 11. Nbc3 Bd7 12. Qd1 Na5 13. Bd3 Be6 14. b3 Nc6 15. O-O Nb4 16. Bc4 Qxd1 17. Raxd1 Bxc4 18. bxc4 Rfc8 19. Nd5 Nfxd5 20. cxd5 Nxa2 21. d6 Bd8 22. d7 Rc7 23. Ra1 Nb4 24. Rfd1 Na6 25. Ra3 f6 26. Nc3 Be7 27. Nb5 Rc6 28. Nxa7 Rc2 29. Nc8 Bd8 30. Nd6 Rc7 31. Nb5 Rc6 32. Na7 Rc2 33. Nb5 Rc6 34. Rdd3 Rb8 35. Rab3 Kf8 36. Nd6 Rc7 37. Nc8 Nc5 38. Bxc5+ Rxc5 39. Rd6 Rc7 40. Rb5 Ra8 41. Rd2 Ra6 42. Kf2 Ra3 43. Ke2 Ra6 44. Rbb2 Ra3 45. Rbc2 Rxc2 46. Rxc2 Ra6 47. Rb2 Kf7 48. Rxb7 Ke6 49. g4 Rc6 50. Na7 Rb6 1/2-1/2

[Event "Superettan(Kristineberg-Helsingborg)"]
[Site "?"]
[Date "2025.01.17"]
[Round "4"]
[White "Beerdsen, Thomas"]
[Black "Lejlic, Samir"]
[Result "1-0"]
[WhiteElo "2501"]
[BlackElo "2313"]
[PlyCount "93"]
[EventDate "2025.??.??"]
[SourceVersionDate "2025.02.01"]

1. e4 e5 2. Nf3 Nc6 3. Bc4 Nf6 4. d4 exd4 5. e5 Ng4 6. O-O d6 7. exd6 Bxd6 8. Re1+ Be7 9. Bg5 O-O 10. Bxe7 Nxe7 11. Qxd4 Qxd4 12. Nxd4 Nf5 13. Nxf5 Bxf5 14. Re7 Rad8 15. Nc3 Rd7 16. Rae1 Nf6 17. Rxd7 Bxd7 18. Re7 c6 19. f3 Bc8 20. a4 g5 21. g4 Kg7 22. Kf2 h6 23. a5 Kg6 24. Rc7 a6 25. h3 h5 26. b4 Nd7 27. Bd3+ Kf6 28. Bf5 Ke7 29. Ne4 Kd8 30. Rxc8+ Kxc8 31. Nc5 hxg4 32. Bxd7+ Kc7 33. hxg4 Rd8 34. Bf5 Rd1 35. Ke3 b6 36. axb6+ Kxb6 37. Bd3 a5 38. Na4+ Kc7 39. bxa5 Ra1 40. Nc5 Rxa5 41. Kd4 Ra8 42. Bc4 f6 43. Ne4 Rf8 44. Kc5 Kd7 45. Bd3 Ke6 46. Ng3 Ke5 47. Be4 1-0

[Event "Superettan(Rockaden II, Sthlm-Farsta)"]
[Site "?"]
[Date "2025.01.17"]
[Round "4"]
[White "Bator, Robert"]
[Black "Lundin, Jan"]
[Result "1-0"]
[WhiteElo "2338"]
[BlackElo "2183"]
[PlyCount "79"]
[SourceVersionDate "2025.02.02"]

1. e4 e5 2. Nf3 Nc6 3. d4 exd4 4. Nxd4 Nf6 5. Nxc6 bxc6 6. Nd2 d5 7. exd5 cxd5 8. Bb5+ Bd7 9. Bxd7+ Qxd7 10. O-O Be7 11. b3 O-O 12. Bb2 Rfe8 13. h3 Qf5 14. Nf3 Ne4 15. Qd3 Rad8 16. Rad1 Bf6 17. Bd4 c5 18. Bxc5 Rc8 19. Bd4 Bd8 20. Rfe1 Ba5 21. Re2 Re6 22. Bxa7 Qg6 23. Bd4 h6 24. Re3 Bc7 25. b4 Bf4 26. Ree1 Qh5 27. a4 g5 28. Nh2 Bxh2+ 29. Kxh2 g4 30. b5 Rg6 31. b6 Kh7 32. b7 Rcg8 33. Qe2 Qf5 34. Rb1 g3+ 35. fxg3 Nxg3 36. Qf3 Qxf3 37. gxf3 Nf5 38. Be5 Nh4 39. Rf1 Rg2+ 40. Kh1 1-0

[Event "Superettan(Schack 08-Vasteras)"]
[Site "?"]
[Date "2025.01.17"]
[Round "4"]
[White "Karlsson, Tomas"]
[Black "Janse, Love"]
[Result "0-1"]
[WhiteElo "2242"]
[BlackElo "2187"]
[PlyCount "94"]
[SourceVersionDate "2025.02.07"]

1. e4 e6 2. d4 d5 3. Nc3 Bb4 4. e5 c5 5. a3 Bxc3+ 6. bxc3 Qc7 7. Nf3 b6 8. h4 Ne7 9. h5 h6 10. Rh4 Ba6 11. Rg4 Bxf1 12. Kxf1 Nf5 13. dxc5 Qxc5 14. c4 Nc6 15. cxd5 Rd8 16. c4 exd5 17. Qd3 Nce7 18. Bd2 a5 19. Rc1 O-O 20. cxd5 Rxd5 21. Qb3 Qb5+ 22. Qxb5 Rxb5 23. Rf4 Rd8 24. Be1 g5 25. hxg6 fxg6 26. Rfc4 Nd5 27. Rc6 Kf7 28. g4 Nfe7 29. Rd6 Rc8 30. Rd1 Rc4 31. g5 h5 32. e6+ Kf8 33. Rd8+ Kg7 34. Rd7 Kf8 35. Nd4 Rb2 36. Rd3 Ke8 37. Rb7 Nf4 38. Rd1 h4 39. Bxa5 h3 40. Nf3 Rcc2 41. Bb4 Rxf2+ 42. Kg1 Nc6 43. Rf7 Rg2+ 44. Kh1 Rxb4 45. Nh4 Re4 46. Nxg2 hxg2+ 47. Kh2 Ne5 0-1

[Event "Superettan(Kristineberg-Helsingborg)"]
[Site "?"]
[Date "2025.01.17"]
[Round "4"]
[White "Tairi, Faruk"]
[Black "Semcesen, Daniel"]
[Result "1/2-1/2"]
[WhiteElo "2402"]
[BlackElo "2432"]
[PlyCount "23"]
[EventDate "2025.??.??"]
[SourceVersionDate "2025.02.01"]

1. e4 e5 2. Nf3 Nc6 3. d4 exd4 4. Bc4 Nf6 5. e5 Ne4 6. Qe2 Nc5 7. c3 d3 8. Qe3 Be7 9. b4 Ne6 10. O-O d5 11. Bxd3 d4 12. Qe2 1/2-1/2

[Event "Superettan(Rockaden II, Sthlm-Farsta)"]
[Site "?"]
[Date "2025.01.17"]
[Round "4"]
[White "Livner, Anders"]
[Black "Hedman, Erik"]
[Result "0-1"]
[WhiteElo "2291"]
[BlackElo "2267"]
[PlyCount "64"]
[SourceVersionDate "2025.02.02"]

1. Nf3 Nf6 2. g3 c5 3. Bg2 Nc6 4. O-O e5 5. c4 d5 6. cxd5 Nxd5 7. Nc3 Nc7 8. a3 Rb8 9. e3 Be7 10. Qc2 O-O 11. Ne4 b6 12. d3 Ba6 13. Rd1 f5 14. Nc3 Kh8 15. Ne2 Qd6 16. d4 e4 17. Ne1 Bxe2 18. Qxe2 cxd4 19. exd4 Nxd4 20. Qc4 Nce6 21. Be3 Bf6 22. Rac1 b5 23. Qf1 Qe5 24. b4 Rbc8 25. Kh1 g5 26. Bxd4 Nxd4 27. f4 gxf4 28. gxf4 Qe6 29. Rc5 Rxc5 30. bxc5 Rc8 31. Qf2 Qc4 32. Bf1 e3 0-1

[Event "Superettan(Schack 08-Vasteras)"]
[Site "?"]
[Date "2025.01.17"]
[Round "4"]
[White "Hamark, Jesper"]
[Black "Wikstrom, Per"]
[Result "1/2-1/2"]
[WhiteElo "2307"]
[BlackElo "2128"]
[PlyCount "97"]
[SourceVersionDate "2025.02.07"]

1. e4 e6 2. d4 d5 3. e5 c5 4. c3 Bd7 5. Nf3 Qa5 6. Bd3 cxd4 7. O-O dxc3 8. Nxc3 Nc6 9. Re1 h6 10. h4 a6 11. a3 b5 12. Bf4 Nge7 13. Rc1 b4 14. axb4 Nxb4 15. Bb1 Nec6 16. h5 Be7 17. Nh2 Qd8 18. Qg4 Bg5 19. Nf3 Bxf4 20. Qxf4 Qe7 21. Nd1 Rc8 22. Ne3 a5 23. Qg3 Kf8 24. Qf4 Ke8 25. Qg3 Kf8 26. Ng4 Na6 27. Re2 Ncb4 28. Rxc8+ Bxc8 29. Qf4 Nc5 30. Re3 Ba6 31. Qd4 Bc4 32. Nd2 Nc6 33. Qf4 Ba6 34. Rc3 Nb4 35. Bg6 Ncd3 36. Bxd3 Nxd3 37. Qd4 Qb4 38. Qa7 Kg8 39. Qxa6 Nxb2 40. Rc8+ Kh7 41. Rxh8+ Kxh8 42. Qc8+ Kh7 43. Qc2+ Kg8 44. f3 a4 45. Qc8+ Kh7 46. Qc2+ Kg8 47. Qc8+ Kh7 48. Qc2+ Kg8 49. Qc8+ 1/2-1/2

[Event "Superettan(Kristineberg-Helsingborg)"]
[Site "?"]
[Date "2025.01.17"]
[Round "4"]
[White "Sylvan, Jacob"]
[Black "Hald Falkesgaard, Jeppe"]
[Result "0-1"]
[WhiteElo "2332"]
[BlackElo "2261"]
[PlyCount "68"]
[EventDate "2025.??.??"]
[SourceVersionDate "2025.02.01"]

1. e4 c5 2. Nf3 Nc6 3. d4 cxd4 4. Nxd4 e5 5. Nb5 d6 6. c4 Be6 7. N1c3 a6 8. Na3 g6 9. Nc2 Bg7 10. Be3 Nf6 11. f3 O-O 12. Qd2 Rc8 13. O-O-O Na5 14. b3 b5 15. Qxd6 Qxd6 16. Rxd6 bxc4 17. b4 Nc6 18. Be2 Rfe8 19. a3 Bf8 20. Rd2 a5 21. b5 Nb4 22. Kb2 Rb8 23. axb4 axb4 24. Nxb4 Bxb4 25. Rb1 Ra8 26. Bg5 Ra3 27. Rc2 Nd7 28. Bd2 Nc5 29. Ra1 Nd3+ 30. Bxd3 Rb3+ 31. Kc1 cxd3 32. Nd5 Bxd5 33. Rc7 Bxd2+ 34. Kxd2 Be6 0-1

[Event "Superettan(Rockaden II, Sthlm-Farsta)"]
[Site "?"]
[Date "2025.01.17"]
[Round "4"]
[White "Zadruzny, Nicolaj"]
[Black "Lindeman, Sven"]
[Result "1-0"]
[WhiteElo "2231"]
[BlackElo "2172"]
[PlyCount "77"]
[SourceVersionDate "2025.02.02"]

1. e4 e5 2. Nf3 Nc6 3. Bc4 Nf6 4. d3 Bc5 5. O-O d6 6. c3 a6 7. a4 h6 8. Re1 Ng4 9. Re2 Ba7 10. h3 Nf6 11. Be3 g5 12. Bxa7 Rxa7 13. d4 g4 14. hxg4 Bxg4 15. Nbd2 Rg8 16. dxe5 Nh5 17. Qb3 Rg7 18. Re3 dxe5 19. Bf1 Nf4 20. g3 h5 21. Qc2 Qd7 22. Nh4 Kf8 23. Ndf3 Ra8 24. Nf5 Rg8 25. Kh2 Ng6 26. Rd1 Qe8 27. Ng5 Rh8 28. f3 f6 29. fxg4 hxg4+ 30. Kg2 Nf4+ 31. gxf4 exf4 32. Qb3 fxg5 33. Qa3+ Kf7 34. Bc4+ Kg6 35. Rd6+ cxd6 36. Qxd6+ Kh5 37. Re1 f3+ 38. Kf2 g3+ 39. Nxg3+ 1-0

[Event "Superettan(Schack 08-Vasteras)"]
[Site "?"]
[Date "2025.01.17"]
[Round "4"]
[White "Faldt, Magnus"]
[Black "Kretz, Johan"]
[Result "1-0"]
[WhiteElo "2140"]
[BlackElo "2146"]
[PlyCount "123"]
[SourceVersionDate "2025.02.07"]

1. d4 Nf6 2. c4 e6 3. Nc3 Bb4 4. Qc2 O-O 5. e4 d5 6. e5 Ne4 7. Bd3 c5 8. Nf3 Nc6 9. O-O Nxd4 10. Nxd4 cxd4 11. Nxe4 dxe4 12. Bxe4 Qh4 13. a3 Ba5 14. g3 Qh5 15. Bf4 Bc7 16. Qd1 Qxd1 17. Raxd1 g5 18. Bxg5 Bxe5 19. Rfe1 Bg7 20. c5 f5 21. Bg2 e5 22. Bd5+ Kh8 23. Be7 Re8 24. Bd6 Rd8 25. Rxe5 h6 26. Ree1 a5 27. f4 Ra7 28. Kf2 b6 29. Bb8 Rad7 30. Bc6 bxc5 31. Bxd7 Bxd7 32. Bc7 Rc8 33. Bxa5 Bc6 34. Re7 Rb8 35. Rd2 Be4 36. Bc7 Rb3 37. Be5 Bxe5 38. Rxe5 c4 39. Rxd4 Rxb2+ 40. Ke3 Rb3+ 41. Ke2 Rb2+ 42. Kd1 c3 43. Rdxe4 fxe4 44. Rxe4 Rxh2 45. Rc4 Rd2+ 46. Kc1 Rd3 47. g4 Rg3 48. f5 Kg7 49. a4 Kf6 50. a5 Rg1+ 51. Kc2 Ra1 52. Rc6+ Kg7 53. a6 Ra3 54. Rc7+ Kf6 55. Rh7 Kg5 56. Rg7+ Kf4 57. a7 Ke5 58. Rh7 h5 59. gxh5 Kxf5 60. Rg7 Ke6 61. h6 Kf6 62. Rc7 1-0

[Event "Superettan(Kristineberg-Helsingborg)"]
[Site "?"]
[Date "2025.01.17"]
[Round "4"]
[White "Jacobsen, Mikkel Manosri"]
[Black "Johansson, Thomas"]
[Result "1-0"]
[WhiteElo "2345"]
[BlackElo "2177"]
[PlyCount "81"]
[EventDate "2025.??.??"]
[SourceVersionDate "2025.02.01"]

1. c4 b6 2. d4 Nf6 3. Nc3 Bb7 4. d5 e6 5. a3 Bd6 6. Nf3 exd5 7. cxd5 O-O 8. g3 Re8 9. Bg2 a5 10. O-O Na6 11. e4 Nc5 12. Nd2 Ba6 13. f4 Bxf1 14. Kxf1 Qc8 15. Bf3 a4 16. Kg2 b5 17. e5 Bxe5 18. fxe5 Rxe5 19. b4 axb3 20. Nxb3 Na4 21. Nxa4 Rxa4 22. Bb2 Rg5 23. Qd2 h6 24. Bxf6 gxf6 25. Nc5 Rc4 26. Ne4 Rg6 27. Nc3 Qa6 28. Be2 Rh4 29. Bd3 f5 30. Bxf5 Rg5 31. Ne4 Rg7 32. d6 Qa8 33. dxc7 Rxe4 34. c8=Q+ Qxc8 35. Bxe4 Rg5 36. h4 Re5 37. Qf4 Qe8 38. Bf3 Qe6 39. Rf1 f5 40. Qd4 d5 41. Re1 1-0